| 000 | 00642nam a22002057a 4500 | ||
|---|---|---|---|
| 005 | 20150826104932.0 | ||
| 010 | _aENG-113547 | ||
| 020 |
_c550.00 _a8180549147 |
||
| 020 |
_c550.00 _a9788180549915 |
||
| 035 | _aEN- 97079 | ||
| 037 | _bDBAD/PUB | ||
| 082 | _a338.5024658 | ||
| 100 | _aVarshney, R.L. | ||
| 245 |
_aManagerial economics : _cby R.L. Varshney [and] K.L. Maheshwari _btext, problems & cases / |
||
| 260 |
_aNew Delhi _bSultan Chand _c2015 |
||
| 270 |
_a23, Daryaganj, _bNew Delhi _e110002 |
||
| 300 |
_avarious pagings _c24cm(pbk) |
||
| 700 | _aMaheshwari, K.L. | ||
| 942 |
_2ddc _cEN _mVAR _h338.5024658 |
||
| 999 |
_c95073 _d95073 |
||